| 000 | 00812nam a22001817a 4500 | ||
|---|---|---|---|
| 999 |
_c371386 _d371386 |
||
| 008 | 201127b ||||| |||| 00| 0 eng d | ||
| 040 |
_aDE-2950 _bger _cDE-2950 _erda |
||
| 041 | _ager | ||
| 245 |
_aNeue Ideen für die Orthopädie im Klinikum. _bMedizin: Dr. Thilo Hennecke ist nach mehr als 20 Jahren als Chefarzt nach Frankfurt (Oder) zurückgekehrt. Hier will der bekannte Orthopäde, unter anderem ein Endoprothetik- und Wirbelsäulen-Zentrum aufbauen./ _cInes Weber-Rath |
||
| 264 | _c2022 | ||
| 653 | _aFrankfurt (Oder) | ||
| 653 | _aKlinikum Frankfurt (Oder) | ||
| 773 |
_dFrankfurt (Oder) Märkisches Verlags- und Druckhaus GmbH & Co KG _tMärkische Oderzeitung _g33. Jahrgang (2022) Nr. 22 vom 27.01.2022, S. 16 |
||
| 942 | _cA | ||